|
|
|
|
| LEADER |
00841cam a2200253 7i4500 |
| 001 |
0000035236 |
| 005 |
20180924090000.0 |
| 007 |
##ta |
| 008 |
180924s2016 my g 001 f may |
| 020 |
# |
# |
|a 9789674690045
|
| 040 |
# |
# |
|a MATR
|
| 090 |
0 |
0 |
|a B 899.2333
|b ALI (LRM)
|
| 100 |
0 |
# |
|a Aliesha Kirana
|e author
|
| 245 |
1 |
0 |
|a MAMAT MUKA Selenga
|c Aliesha Kirana ; Editor : Jabatan editorial Karyaseni.
|
| 264 |
# |
1 |
|a Cheras, Selangor:
|b PENERBITAN KARYASENI SDN. BHD,
|c 2016.
|
| 300 |
# |
# |
|a iii, 472 pages;
|c 19 cm.
|
| 336 |
# |
# |
|a text
|2 rdacontent
|
| 337 |
# |
# |
|a unmediated
|2 rdamedia
|
| 338 |
# |
# |
|a volume
|2 rdacarrier
|
| 504 |
# |
# |
|a Includes bibliographical references and index
|
| 650 |
# |
0 |
|a Malay fiction
|
| 650 |
# |
0 |
|a Malaysian fiction (Malay)
|
| 710 |
2 |
0 |
|a Jabatan Editorial Karyaseni
|
| 999 |
|
|
|a 0000040220
|b Book
|c Book
|e Business Information Centre
|